000 00570nam a2200205Ia 4500
003 GCL
008 140319s9999 xx 000 0 eng d
040 _aGCL /
_cGCL
082 0 4 _a355.4
_bK K
100 1 _aKHALIFOUH, YOUSEF ABDULMOA'TI
245 1 0 _aKUWAITI RESISTANCE AS REVEALED BY IRAQI DOCUMENTS /
_cKHALIFOUH, YOUSEF ABDULMOA'TI
260 _a[S.N] :
_bCENTER FOR RESEARCH AND STUDIES ،
_c1994
300 _a378 P
650 0 4 _aDOCUMENTS
650 0 4 _aKUWAIT
650 0 4 _aIRAQ
650 0 4 _aGULF WAR
650 0 4 _aMILITARY OPERATIONS
942 _2ddc
_cBK
999 _c11525
_d11525